| 000 | 00882nam a22002417a 4500 | ||
|---|---|---|---|
| 005 | 20111024121456.0 | ||
| 008 | 111024t xxu||||| |||| 00| 0 eng d | ||
| 010 | _aENG-103979 | ||
| 020 |
_a9788192102894 _c580.00 |
||
| 035 | _aEN-87512 | ||
| 037 | _bDBAD/PUB | ||
| 040 |
_aDPL _bEng |
||
| 082 | _a658.4 | ||
| 100 |
_aTirvender Kumar Rajpoot _935586 |
||
| 245 |
_aDynamics of management issues / _cby Tirvender Kumar Rajpoot |
||
| 260 |
_aDelhi _bAncient Publishing House _c2011 |
||
| 270 |
_aV-75, Street No. 15-A, Vijay Park, Near C-11, Shiv Sadhana Mandir, Yamuna Vihar _bDelhi _e110053 |
||
| 300 |
_avi,296p. _c22cm (Hb) |
||
| 500 | _aIncludes index | ||
| 700 | _935585 | ||
| 942 |
_2ddc _cEN _h658.4 _mTIR |
||
| 999 |
_c57845 _d57845 |
||